Daily Country Riddle #54 - Statistics

General Stats
  • This quiz has been taken 184 times
  • The average score is 14 of 21
Answer Stats
Type Answer % Correct
Found Letter E
91%
Found Letter G
88%
Found Letter B
87%
Found Letter R
87%
Found Letter M
86%
Found Letter U
86%
Found Letter O
75%
Correctly Placed Letter B
70%
Found Letter L
70%
Correctly Placed Letter M
70%
Correctly Placed Letter E
69%
Correctly Placed Letter G
53%
Correctly Placed Letter L
53%
Mystery Country Luxembourg
53%
Correctly Placed Letter O
53%
Correctly Placed Letter R
53%
Correctly Placed Letter U
53%
Correctly Placed Letter U
53%
Found Letter U
53%
Correctly Placed Letter X
53%
Found Letter X
53%
No matching quizzes found
Score Distribution
Percent of People with Each Score
Percentile by Number Answered
Your Score History
You have not taken this quiz